Detalles MARC
| 000 -LIDER |
| fixed length control field |
01113nam a2200301 a 4500 |
| 001 - NÚMERO DE CONTROL |
| Identificador de número de control |
|
| 003 - IDENTIFICACDOR DE NÚMERO DE CONTROL |
| control field |
DO-SdBNP |
| 005 - DATE AND TIME OF LATEST TRANSACTION |
| control field |
20220304072001.0 |
| 008 - ELEMENTOS DE LONGITUD FIJA |
| fixed length control field |
100303s1979 dr a 001 0 spa d |
| 040 ## - FUENTE DE CATALOGACIÓN |
| Agencia que crea de manera original el registro |
BPMSU |
| Idioma de catalogación |
spa |
| Agencia que realiza la transcripción |
BPMSU |
| 049 ## - LOCAL HOLDINGS (OCLC) |
| Holding library |
|
| 082 ## - NÚMERO DE CLASIFICACIÓN DECIMAL DE DEWEY |
| Classification number |
378.7293 |
| Item number |
K19t 1979 |
| Edition number |
22 |
| 100 1# - ASIENTO PRINCIPAL -- NOMBRE PERSONAL |
| Nombre personal |
Kasse Acta, Rafael |
| Fechas asociadas con el nombre |
1927- |
| 245 10 - MENCIÓN DE TITULO |
| Título |
Temas del Movimiento Renovador / |
| Mención de responsabilidad |
Rafael Kasse Acta. |
| 260 ## - PUBLICACIÓN, DISTRIBUCIÓN, ETC. (PIE DE IMPRENTA) |
| Lugar de publicación, distribución, etc |
Santo Domingo : |
| Nombre del editor, distribuidor, etc. |
UASD, |
| Fecha de publicación, distribución, etc |
1979. |
| 300 ## - DESCRIPCIÓN FÍSICA |
| Extensión |
239 p. : |
| Otros detalles físicos |
il., retrs. ; |
| Dimensiones |
22 cm. |
| 490 0# - MENCIÓN DE SERIES |
| Mención de serie |
Publicaciones de la Universidad Autónoma de Santo Domingo ; |
| -- |
Educación y sociedad, |
| Volume/sequential designation |
275/11 |
| 500 ## - NOTA GENERAL |
| Nota general |
Incluye datos biográficos del autor en la contracubierta |
| 504 ## - NOTA DE BIBLIOGRAFÍA, ETC. |
| Bibliography, etc |
Bibliografía: p. 237-239. |
| 590 ## - NOTA LOCAL |
| Enlace |
Inventariado, 2021/VM |
| 650 #4 - ENCABEZAMIENTO DE MATERIA--TEMÁTICO |
| Término temático o nombre geográfico como elemento de entrada |
Universidades |
| Subdivisión geográfica |
República Dominicana |
| Subdivisión temática general |
Ensayos, conferencias, etc. |
| 650 #4 - ENCABEZAMIENTO DE MATERIA--TEMÁTICO |
| Término temático o nombre geográfico como elemento de entrada |
Educación superior |
| Subdivisión geográfica |
República Dominicana |
| 650 #4 - ENCABEZAMIENTO DE MATERIA--TEMÁTICO |
| Término temático o nombre geográfico como elemento de entrada |
Política de educación superior |
| 710 2# - ASIENTO SECUNDARIO -- NOMBRE CORPORATIVO |
| Nombre corporativo o de jurisdicción |
Universidad Autónoma de Santo Domingo |
| 830 #0 - ASIENTO SECUNDARIO DE SERIE--TÍTULO UNIFORME |
| Título uniforme |
Publicaciones de la Universidad Autónoma de Santo Domingo |
| Volume number/sequential designation |
275 |
| 910 ## - VALIDACIÓN |
| Validación |
VMateo V. |
| 942 ## - ADDED ENTRY ELEMENTS (KOHA) |
| Source of classification or shelving scheme |
Dewey Decimal Classification |
| Koha item type |
Libros |